000 00877nam a2200265 i 4500
001 77553
003 ES-MaACL
005 20230906173254.0
007 t|
008 041020s2003 sp ||||1| spa d
020 _a84-95889-57-9
080 _a77 Dea, Eduardo
080 _a929(460.27 M.)(0:77)
080 _a913(460.27 M.-21)(0:77)
100 1 _aDea, Eduardo.
_943086
245 1 0 _aPersonajes y escenas del Rastro madrileño /
_cfotografías de Eduardo Dea ; comentadas por Mariano Hormigos.
260 _aMadrid :
_bLa Librería,
_c[2003]
300 _a139 p. :
_bprincipalmente il., fot. ;
_c23 x 25 cm.
600 1 4 _aDea, Eduardo.
_943086
650 4 _aMercadillos-
_zMadrid.
_9174065
651 4 _aMadrid-
_vObras ilustradas.
_98976
651 4 _aMadrid-
_xUsos y costumbres.
_98987
700 1 _aHormigos García, Mariano.
_964205
852 4 _aES-MaACL
_jL-28314
999 _c77553
_d77553